Loading...

Kumariyin Mookuthi /

Bibliographic Details
Main Author: Jagannathan, Kv
Language:Undetermined
Published: 1957.
LEADER 00365nam a2200121Ia 4500
001 53974
008 170722s9999 xx 000 0 und d
100 |a Jagannathan, Kv 
245 |a Kumariyin Mookuthi / 
260 |c 1957. 
942 |c GEN 
999 |c 62113  |d 62113 
952 |0 1  |1 0  |4 0  |6 O_3131N06X_J7_T  |7 0  |9 88436  |a LIB  |b LIB  |d 2017-08-12  |o O31,31N06x J7 (T)  |p 97024  |r 2017-08-12  |w 2017-08-12  |y GEN